000 00517nam a22001575i 4500
001 166088
003 ES-MaACL
005 20230906213248.0
008 050920s1883 sp | |||||||| ||spa d
040 _aCAM
_bspa
_cCAM
100 1 _aTauzin, Isidro.
_9109413
245 1 3 _aLa mano negra y la mano blanca /
_cIsidro Tauzin.
260 _aMadrid :
_b[s.n.],
_c1883 (
_fEstablecimiento tipográfico de "El Correo")
300 _a204 p. ;
_c21 cm.
852 _aES-MaACL
_jB-5657
_z-- Rúst.
_z-- Legado de M. de la Fuente
999 _c166088
_d166088